Plánování životní úrovně Materiály ke cvičením

Guardado en:
Detalles Bibliográficos
Formato: Libro
Lenguaje:checo
Publicado: Praha VŠE 1987
Edición:1. vyd.
Etiquetas: Agregar Etiqueta
Sin Etiquetas, Sea el primero en etiquetar este registro!

MARC

LEADER 00000nam a2200000 4500
001 c030366
005 20221219103120.6
041 0 |a cze 
044 |a CZ 
245 1 0 |a Plánování životní úrovně  |b Materiály ke cvičením 
250 |a 1. vyd. 
264 1 |a Praha  |b VŠE  |c 1987 
300 |a 118 s.